| 000 | 00666nam a22001577a 4500 | ||
|---|---|---|---|
| 008 | 160525b xxu||||| |||| 00| 0 eng d | ||
| 082 |
_22010 _aUT 0204 _bC26 |
||
| 100 |
_98934 _aCasagan, Aprilyn Vi Ann N. |
||
| 245 |
_aExtent of implementation of policy in using cellular phones at the University of Mindanao Digos College/ _cAprilyn Vi Ann N. Casagan, Sherwin P. Cromente and Florie Joy A. Casia. |
||
| 260 |
_aDigos City: _bUMDC _cMarch 2010. |
||
| 300 |
_a40 pages; _c28 cm. |
||
| 650 | 0 |
_98932 _aBusiness Administration _vMarketing Management _xUndergraduate thesis. |
|
| 700 |
_98930 _aCromente, Sherwin P. |
||
| 700 |
_98931 _aCasia, Florie Joy A. |
||
| 942 |
_2ddc _cUT |
||
| 999 |
_c2705 _d2705 |
||